Alegria, Alegria - Statistics

Estatísticas Gerais
  • Esse quiz foi jogado 16 vezes
  • A pontuação média é 139 de 188
Estatísticas das Respostas
% Correto
à
100%
de
100%
do
100%
e
100%
E
100%
é
100%
100%
o
100%
O
100%
em
92%
Em
92%
Eu
92%
eu
92%
na
92%
se
92%
Sem
92%
sem
92%
Sol
92%
vou
92%
alegria
83%
Caminhando
83%
contra
83%
dezembro
83%
documento
83%
lenço
83%
Me
83%
me
83%
quase
83%
que
83%
vento
83%
coração
75%
mais
75%
No
75%
no
75%
Por
75%
reparte
75%
amor
67%
bonito
67%
casamento
67%
Coca-Cola
67%
Ela
67%
escola
67%
Nada
67%
não
67%
nas
67%
nunca
67%
Os
67%
pensa
67%
Quem
67%
uma
67%
Brasil
58%
cores
58%
enche
58%
entre
58%
Espaçonaves
58%
fotos
58%
fui
58%
fuzil
58%
grandes
58%
guerrilhas
58%
nem
58%
nomes
58%
olhos
58%
preguiça
58%
sabe
58%
tão
58%
tomo
58%
amores
50%
bancas
50%
bandeiras
50%
Bardot
50%
beijos
50%
bonitas
50%
Brigitte
50%
canção
50%
caras
50%
cheio
50%
cheios
50%
consola
50%
crimes
50%
notícia
50%
pernas
50%
presidentes
50%
revista
50%
tanta
50%
telefone
50%
televisão
50%
até
42%
bolso
42%
Bomba
42%
cantar
42%
cardinales
42%
mãos
42%
ou
42%
peito
42%
pensei
42%
vãos
42%
dentes
33%
livros
33%
quero
33%
seguir
25%
vivendo
25%
fome
17%
Nenhum quiz correspondente encontrado
Distribuição das Pontuações
Porcentagem de Pessoas com Cada Pontuação
Percentil de Números Respondidos
Sua Pontuação Histórica
Você não jogou esse quiz